Shram Aur Audhogik Vidhiyan / Labour & Industrial Laws (Record no. 360366)
[ view plain ]
| 000 -LEADER | |
|---|---|
| fixed length control field | 00661nam a22001697a 4500 |
| 003 - CONTROL NUMBER IDENTIFIER | |
| control field | 0 |
| 005 - DATE AND TIME OF LATEST TRANSACTION | |
| control field | 20260122131339.0 |
| 020 ## - INTERNATIONAL STANDARD BOOK NUMBER | |
| ISBN | 9789347218729 |
| 082 ## - DEWEY DECIMAL CLASSIFICATION NUMBER | |
| Classification number | H 344.01 GAR |
| 100 ## - MAIN ENTRY--AUTHOR NAME | |
| Personal name | Garg, Sandeep |
| 245 ## - TITLE STATEMENT | |
| Title | Shram Aur Audhogik Vidhiyan / Labour & Industrial Laws |
| 260 ## - PUBLICATION, DISTRIBUTION, ETC. (IMPRINT) | |
| Place of publication | New Delhi |
| Name of publisher | Commercial Law Publishers |
| Year of publication | 2026 |
| 300 ## - PHYSICAL DESCRIPTION | |
| Number of Pages | 185 p. |
| 520 ## - SUMMARY, ETC. | |
| Summary, etc | Labour & Industrial Laws <br/>Industrial Disputes Act, 1947 <br/>Trade Unions Act, 1926 <br/>Employee's Compensation Act, 1923 <br/>Minimum Wages Act, 1948 <br/>Factories Act, 1948 |
| 650 ## - SUBJECT ADDED ENTRY--TOPICAL TERM | |
| Topical Term | Industrial Disputes Act, 1947 |
| -- | Trade Unions Act, 1926 |
| -- | Minimum Wages Act, 1948 |
| 9 (RLIN) | 17230 |
| 942 ## - ADDED ENTRY ELEMENTS (KOHA) | |
| Koha item type | Books |
| Lost status | Home library | Current library | Date acquired | Cost, normal purchase price | Full call number | Accession Number | Koha item type | Public Note |
|---|---|---|---|---|---|---|---|---|
| Gandhi Smriti Library | Gandhi Smriti Library | 2026-01-22 | 450.00 | H 344.01 GAR | 181510 | Books | 450.00 |
